000 00674nam a2200289Ia 4500
005 20260324115354.0
008 008 260324s9999 xx 000 0 eng d
020 _a9780429422966
037 _aEBOOK
040 _aCRL
040 _beng
040 _cCRL
041 _2eng
041 _aeng
084 _qCRL
100 _aJennifer Hesterman
_91154406
245 0 _aSoft Target Hardening
245 0 _bProtecting People from Attack
260 _bTaylor and Francis
260 _c2018
365 _a
365 _b350
856 _uhttp://www.taylorfrancis.com/books/9780429422966
942 _cEBOOK
999 _c1745250
_d1745250